000 00775pam a2200229 a 4500
999 _c2361
_d2361
003 OSt
005 20210708095824.0
008 981001s1999 cauab b 001 0 eng
020 _a0534564399 (pbk. : alk. paper)
040 _cDLC
050 0 0 _aTX354
_b.B76 1999
100 1 _aBrown, Judith E.
245 1 0 _aNutrition now /
_cJudith E. Brown.
250 _a2nd ed.
260 _aBelmont, CA :
_bWest/Wadsworth,
_cc1999.
300 _a1 v. (various pagings) :
_bill. (some col.), col. maps ;
_c28 cm.
504 _aIncludes bibliographical references and index.
650 0 _aNutrition.
906 _a7
_bcbc
_corignew
_d1
_eocip
_f19
_gy-gencatlg
942 _2lcc
_cBK
_nMM